Statistics for 6-Letter Word Chain Game #1

Click here to take the quiz!

General Stats

  • This quiz has been taken 42,071 times
  • The average score is 18 of 26

Answer Stats

HintAnswer% Correct
Paris towerEiffel
98%
Very large desertSahara
90%
Half of a diameterRadius
88%
Planet whose name is hilarious to someUranus
88%
Llama relativeAlpaca
86%
Cambridge rivalOxford
81%
Antonym of transparentOpaque
78%
Part of the eyeRetina
78%
Major river in ChinaYellow
78%
Element discovered by the CuriesRadium
72%
Tony Blair's partyLabour
70%
Caused by lack of Vitamin CScurvy
70%
Attack helicopter or Native American tribeApache
69%
Color of the rainbowIndigo
69%
Hummingbird's foodNectar
69%
Knowledge speaks, this listensWisdom
66%
Fetus predecessorEmbryo
65%
Merlin's palArthur
62%
Oliver or Annie, for exampleOrphan
62%
Cobain's musical genreGrunge
61%
Japanese religionShinto
60%
Hindu protector godVishnu
51%
Place to find the Oracle in GreeceDelphi
50%
Comes before LeviticusExodus
50%
Major river of IndochinaMekong
45%
Technology used to make very fast trainsMaglev
26%

Score Distribution

Percentile by Number Answered

Percent of People with Each Score

Your Score History

You have not taken this quiz